000
00216nam a2200097Ia 4500
008
240625s9999 xx 000 0 und d
041
_a
eng
100
_a
LINUX FOR YOU
245
_a
MANDRIVA 2008 SPRING
260
_c
2008
999
_c
34022
_d
34022